000 00405nam a2200157Ia 4500
008 090123s9999 xx 000 0 und d
082 _b36895
245 _aबापलेकी
250 _a1
260 _bमौज प्रकाशन
_c2004
300 _a418
630 _aबापलेकी
700 _aफाटक पद्मजा
730 _aबापलेकी
942 _cBOOK
999 _c74962
_d74962